000 00803nam a2200241Ia 4500
003 OSt
005 20220923215408.0
006 a|||||r|||| 00| 0
007 ta
008 220922b |||||||| |||| 00| 0 hin d
024 _a178,321
037 _cTextual
040 _aARTS
_cARTS
_bhin
041 _2hin
_ahin
082 _aO152,1M5:g, L9
100 _aचन्द्रशेखर
245 0 _aरीतिमुक्त कविता
_b मुक्त रचना विचार
246 _aRītimukta kavitā: mukta rachanā vichāra
260 _aदिल्ली
_b भारतीय ग्रंथ निकेतन
_c1979
300 _a231 पृ.
_ccm.
942 _hO152,1M5:g, L9
_cTEXL
_2CC
999 _c331703
_d331703